000 00835nam a2200253Ia 4500
003 OSt
005 20221005112853.0
006 a|||||r|||| 00| 0
007 ta
008 221004b |||||||| |||| 00| 0 pan d
020 _a8181380274
_c200
024 _a117021
037 _b598, 09/02/2012, H.K. Prakashan
_cTextual
040 _aCRL
_cCRL
_bpan
041 _2pan
_apan
082 _aO153,1w, P7
100 _aਪਾਂਧੀ ਨਲਕਾਣਵੀ
245 0 _aਭੱਲੇ ਵਿਸਰੇ ਕਵੀ
260 _aਦਿੱਲੀ
_bਐਮ ਪੀ ਪ੍ਰਕਾਨ ਭਾਰਤ
_c2007
300 _a160ਪੰ
_ccm.
650 _aਪੰਜਾਬੀ ਸਾਹਿਤ
942 _hO153,1w, P7
_cTEXL
_2cc
999 _c1026262
_d1026262